La casa de cobre

সংরক্ষণ করুন:
গ্রন্থ-পঞ্জীর বিবরন
প্রধান লেখক: Ponsi, Andrea (Author)
বিন্যাস: গ্রন্থ
ভাষা:ইংরেজি
স্প্যানিশ
প্রকাশিত: Santiago Pontifia Universidad Católica de Chile 1999
বিষয়গুলি:
ট্যাগগুলো: ট্যাগ যুক্ত করুন
কোনো ট্যাগ নেই, প্রথমজন হিসাবে ট্যাগ করুন!

MARC

LEADER 00000nam a2200000 a 4500
001 UCP5400
003 CL-VaPUC
008 990910e19990000CL |||||||||||||||||eng|d
041 0 7 |a eng  |2 CL-VaPUC 
041 0 7 |a spa  |2 CL-VaPUC 
082 0 4 |a 729.6  |b PON  |2 21 
100 0 |a Ponsi, Andrea  |e author  |9 433768 
245 1 3 |a La casa de cobre 
246 1 4 |a The copper house 
300 |a 81 p 
942 |c BK 
945 |d 19990910 00:00:00  |a rbrito 
260 |a Santiago  |b Pontifia Universidad Católica de Chile  |c 1999 
650 0 |a Diseño arquitectónico   |9 265271 
650 0 |a Cobre  |9 255767 
650 7 |a TRABAJO EN COBRE  |2 CL-VaPUC  |9 433769 
650 0 |a Metales   |9 260686 
650 7 |a ORFEBRERIA  |2 CL-VaPUC  |9 268783 
583 |a last modification  |c 19990910 00:00:00  |k Rodrigo Vera 
999 |c 283151  |d 283149 
952 |0 0  |1 0  |4 0  |6 729_600000000000000_PON_1999  |7 0  |8 A  |9 325972  |a BIBARQ  |b BIBARQ  |d 2019-11-20  |i 3546195  |o 729.6 PON 1999  |p 3546195  |r 2025-01-20  |w 2019-11-20  |y BK  |k ARQ